00269nam a22000977a 4500082001500000100001500015245005700030260005500087300002100142563000800163 a428.2bWRE aWren, P.C. aHigh School English Grammar /cP.C. Wren & H. Martin aKarachi :bParamount Publishing Enterprise,c2016. a418 p. ;c24 cm. aHB.